| 000 | 01277nam a2200349 a 4500 | ||
|---|---|---|---|
| 001 | 000109366 | ||
| 003 | CHAP | ||
| 005 | 20220329144048.0 | ||
| 008 | 140423s2013 mx sm |||||||spa d | ||
| 010 | _a105828 | ||
| 011 | _a106800 | ||
| 040 | _cCHAP | ||
| 090 | _aTesis | ||
| 100 | 1 |
_aLópez García, Uzziel Isrrael _967917 |
|
| 245 | 1 | 0 |
_aMitos y potencial del cloro y ozono en la reducción de Escherichia coli en agua postcosecha _h[En línea] _cpor Uzziel Isrrael López García. |
| 260 |
_aChapingo, Méx. : _bEl autor, _c2013. |
||
| 500 | _aPara ver el contenido del material haga clic en la liga | ||
| 502 | _aTesis (MC. en Protección Vegetal ) -- UACH. Departamento Parasitología Agrícola | ||
| 590 |
_aBATCH-UPD _b05 _c20140423 _lUCH01 _h0927 |
||
| 590 |
_aBATCH-UPD _b05 _c20141002 _lUCH01 _h0901 |
||
| 590 |
_aE5765TAJ _b05 _c20140423 _lUCH01 _h0926 |
||
| 590 |
_aE5765TAJ _b05 _c20140423 _lUCH01 _h0926 |
||
| 650 | 1 | 4 |
_aAgua _xAnálisis. _92280 |
| 650 | 1 | 4 |
_aAgua _xBacteriología. _92314 |
| 650 | 1 | 4 |
_aAgua _xContaminación. _92351 |
| 650 | 1 | 4 |
_aCloro como agente antibacterial. _9126543 |
| 650 | 1 | 4 |
_aEscherichia coli. _937480 |
| 856 |
_aFinding aid _uhttp://10.13.5.2/tesis/sist109366.pdf _zTeclea aquí |
||
| 901 | _aBK | ||
| 942 | _cTESIS | ||
| 942 | _n0 | ||
| 999 |
_c105828 _d105828 |
||